Statistiques concernant La réponse est une ville de France

Cliquez ici pour prendre le quiz!

Statistiques générales

  • Ce quiz a été pris 883 fois
    (438 depuis la dernière actualisation)
  • Le résultat moyen est 12 sur 26

Statistiques - réponses

IndiceRéponseRégion% Correct
Poussent le traîneau du Père NoëlRennesBretagne
95%
On en a deux aux échecsToursCentre Val-de-Loire
89%
Partie du bas du visageMentonProvence-Alpes-Côte d'Azur
82%
Elle est utile pour le tir à l'arcLa FlèchePays de la Loire
72%
L'ouïe, la vue, l'odorat...SensBourgogne-Franche Comté
72%
Pâtisserie en forme de donut (deux villes à trouver)ParisIle-de-France
68%
Pâtisserie en forme de donut (deux villes à trouver)BrestBretagne
67%
Sur le drapeau de la Grèce ou du Royaume-UniCroixHauts-de-France
61%
Pour ceux qui boîtentCannesProvence-Alpes-Côte d'Azur
60%
Ingrédient fréquent dans les jus de fruitsOrangeProvence-Alpes-Côte d'Azur
56%
Dans le langage familier, désigne des individus richesBourgesCentre Val-de-Loire
52%
Quand on accède facilement à un lieu, on y rentre comme dans des...MoulinsAuvergne-Rhône Alpes
45%
On en fait pour amuser la galerieVannesBretagne
37%
Rends inapte à la reproduction ; ce qui différencie un boeuf d'un taureauCastresOccitanie
36%
La serviette hygiéniqueLe TamponOutre-Mer
36%
Elles ont été canonisées, comme MarieSaintesNouvelle Aquitaine
36%
Le Père, le Fils et le Saint-EspritLa TrinitéOutre-Mer / Bretagne
29%
Elles ressemblent à des pigeonsColombesIle-de-France
26%
Capitale européenne ou rivière françaiseVienneAuvergne-Rhône Alpes
26%
Par contre, celles des repas de famille sont...LourdesOccitanie
25%
L'oncle Dursley de Harry Potter ; ou alias américain de Boris VianVernonNormandie
22%
Relie Paris à New YorkAvionHauts-de-France
21%
Sorte de clôture résultant de l'empilement de pierresMuretOccitanie
21%
Premier président de la IIIème RépubliqueThiersAuvergne-Rhône Alpes
21%
Satisfaction maximalePlaisirIle-de-France
11%
Ni salée, ni sucréeGrasseProvence-Alpes-Côte d'Azur
6%

Distribution des résultats

Percentile par nombre de réponses

% des personnes avec chaque résultat

Votre développement - résultats

Vous n’avez pas pris ce quiz depuis la dernière actualisation